Online
Catalog

Paleontología dominicana : (Record no. 26099)

MARC details
000 -CABECERA
campo de control de longitud fija 01574nam a2200289 a 4500
001 - NÚMERO DE CONTROL
campo de control 000026607
005 - FECHA Y HORA DE LA ÚLTIMA TRANSACCIÓN
campo de control 20250131205118.0
008 - DATOS DE LONGITUD FIJA--INFORMACIÓN GENERAL
campo de control de longitud fija 110324s1955 dr a 000 0 spa d
040 ## - FUENTE DE LA CATALOGACIÓN
Centro catalogador/agencia de origen DO-SdBNP
Lengua de catalogación spa
Centro/agencia transcriptor BNPHU
082 ## - NÚMERO DE LA CLASIFICACIÓN DECIMAL DEWEY
Número de clasificación 551.7877293
Número de documento/Ítem R173p,1955
100 1# - ENTRADA PRINCIPAL--NOMBRE DE PERSONA
Nombre de persona Ramírez, Ricardo
9 (RLIN) 53712
245 10 - MENCIÓN DE TÍTULO
Título Paleontología dominicana :
Resto del título descripcíon de las formaciones geológicas Baitoa, Cercado, Gurabo y arcilla Mao, y lista de los moluscos y corales fósiles procedentes de ellas que integran la colección preparada para ser exhibida en la Feria de la Paz y Confraternidad del Mundo Llibre /
Mención de responsabilidad, etc. Ricardo Ramírez.
260 ## - PUBLICACIÓN, DISTRIBUCIÓN, ETC.
Lugar de publicación, distribución, etc. Ciudad Trujillo, República Dominicana :
Nombre del editor, distribuidor, etc. Universidad de Santo Domingo ;
-- Editora del Caribe,
Fecha de publicación, distribución, etc. 1955.
300 ## - DESCRIPCIÓN FÍSICA
Extensión 26,[16] p. :
Otras características físicas il., Láminas. ;
Dimensiones 25 cm.
500 ## - NOTA GENERAL
Nota general Año del benefactor de la patria
590 ## - NOTA LOCAL (RLIN)
Nota local Inventariado, 2019/VM
590 ## - NOTA LOCAL (RLIN)
Nota local Publicaciones de la Universidad de Santo Domingo
-- Geología y geofrafía
-- 103
-- 3
600 14 - PUNTO DE ACCESO ADICIONAL DE MATERIA--NOMBRE DE PERSONA
Nombre de persona RAMÍREZ, RICARDO
Fechas asociadas al nombre [1884-?]
Títulos y otros términos asociados al nombre PALEONTÓLOGO
9 (RLIN) 53713
650 ## - PUNTO DE ACCESO ADICIONAL DE MATERIA--TÉRMINO DE MATERIA
Término de materia o nombre geográfico como elemento de entrada Paleontología
9 (RLIN) 1743
650 #4 - PUNTO DE ACCESO ADICIONAL DE MATERIA--TÉRMINO DE MATERIA
Término de materia o nombre geográfico como elemento de entrada Geología
Subdivisión geográfica República Dominicana
9 (RLIN) 1742
650 #4 - PUNTO DE ACCESO ADICIONAL DE MATERIA--TÉRMINO DE MATERIA
Término de materia o nombre geográfico como elemento de entrada Molusco fósiles
Subdivisión geográfica República Dominicana
9 (RLIN) 53714
650 #4 - PUNTO DE ACCESO ADICIONAL DE MATERIA--TÉRMINO DE MATERIA
Término de materia o nombre geográfico como elemento de entrada Historia natura
Subdivisión geográfica Valle Del Cibao (República Dominicana{Rpara}
9 (RLIN) 53715
650 ## - PUNTO DE ACCESO ADICIONAL DE MATERIA--TÉRMINO DE MATERIA
Término de materia o nombre geográfico como elemento de entrada Especimenes biológicos
Subdivisión general Colecciones y conservación
-- Investigación científicas
9 (RLIN) 53716
710 2# - PUNTO DE ACCESO ADICIONAL--NOMBRE DE ENTIDAD CORPORATIVA
Nombre de entidad corporativa o nombre de jurisdicción como elemento de entrada Universidad de Santo Domingo
9 (RLIN) 37767
830 10 - PUNTO DE ACCESO ADICIONAL DE SERIE-TÍTULO UNIFORME
Título uniforme Publicaciones de la Universidad de Santo Domingo
Nombre de parte o sección de la obra Geología y geofrafía
Número de parte o sección de la obra 103
-- 2
9 (RLIN) 53717
910 ## - DATOS DE OPCIÓN DEL USUARIO (OCLC)
Datos de opción del usuario Validado. Control de calidad MFF
Holdings
Estado de retiro Estado de pérdida Restricciones de uso No para préstamo Código de colección Localización permanente Ubicación/localización actual Ubicación en estantería Fecha de adquisición Número de inventario Total de préstamos Signatura topográfica completa Código de barras Fecha visto por última vez Número de copia Precio válido a partir de Tipo de ítem Koha Nota pública
      Excluido de préstamo Raros y valiosos General General Depósito 15.06.2011 LF1   551.7877293 R173p,1955 26607-30 25.06.2020 e. 3 25.06.2020 No se presta  
      Excluido de préstamo Raros y valiosos Patrimonio Dominicano Patrimonio Dominicano Depósito 24.03.2011 LF1   551.7877293 R173p,1955 26607-10 25.06.2020   25.06.2020 No se presta Perteneció a la biblioteca personal de Carlos Larrazábal Blanco.
      Excluido de préstamo Raros y valiosos Patrimonio Dominicano Patrimonio Dominicano Depósito 15.06.2011 LF1   551.7877293 R173p,1955 26607-20 25.06.2020 e. 2 25.06.2020 No se presta Perteneció a la biblioteca personal de Martínez Boog.

Powered by Koha